Statistics for Lebanon Country Quiz

Click here to take the quiz!

General Stats

  • This quiz has been taken 10,087 times
    (9,527 since last reset)
  • The average score is 11 of 17

Answer Stats

ClueAnswer% Correct
Official languageArabic
98%
Bordering countryIsrael
97%
Capital cityBeirut
96%
Bordering countrySyria
96%
European country which had a "mandate" to run Lebanon, 1923−1946France
85%
Former nickname of that city{Paris} of the Middle East
76%
Region, starting with L, that Lebanon is a part ofThe {Levant}
74%
Type of tree depicated on the flagCedar
69%
Ancient civilization from Lebanon which founded colonies
throughout the Mediterranean
Phoenicians
61%
Shia political party considered a terrorist organization by the EUHezbollah
57%
Second-largest city (hint: shares its name with an African capital)Tripoli
57%
Lebanese-born lawyer who married George Clooney{Amal} Clooney
47%
Currency of LebanonPound
42%
Major city of the above civilization which Alexander the Great conquered
and changed from an island into a peninsula
Tyre
35%
Local religion incorporating elements of Islam, Christianity, Hinduism,
and Greek philosophy (hint: starts with D)
Druze
33%
Biblical name for a god of that city which some Israelites worshippedBaal
33%
Largest Christian denomination in Lebanon{Maronite} Church
27%

Score Distribution

Percentile by Number Answered

Percent of People with Each Score

Your Score History

You have not taken this quiz since the last reset